00610 2200217 4500001002100000005001700021008004100038035002400079082001200103090002000115245008800135260003400223300002500257650002500282700002000307850002100327980001400348985000600362986000900368999001500377YOGYA-0209000004242520090227025851.0 ind  0010-020900000042425 a320.092 a320.092bSudlQ aSUDHARMONO ketua umum DPP Golkar lima yahun kerja kerascRoberto Bangun ... [et al] aJakartabGolongan Karyac1989 a270 hlmbilusc30 cm aPolitisi - Sudarmono aBangun, Roberto aYOPDYOG [TRM 29] a28-7-2007 a1 aRuni a07A0024706